000 nam a22 a 4500
999 _c1720
_d1720
003 AKMAL
005 20170511144254.0
008 170511s2010 my e l o000 0 eng d
020 _a9789677013292
_qhardback
_cRM160.00
040 _aAKMAL
082 0 4 _a343.59505622 CUS
_223
090 0 0 _a343.59505622
_bCUS
110 1 _aMalaysia
_9400
245 1 0 _aCUSTOMS DUTIES (GOODS OF ASEAN COUNTRIES ORIGIN) (ASEAN HARMONIZED TARIFF NOMENCLATURE AND ASEAN TRADE IN GOODS AGREEMENT) ORDER 2007 :
_ball amendments up to 15 October 2010 , including 2011 budget amendments /
_cCompiled by MDC Customs Updating Service Dept.
260 _aKuala Lumpur :
_bMDC PUBLISHERS SDN BHD
_c2010
300 _avarious paging ;
_c20 cm
650 1 0 _aTariff
_xLaw and legislation
_zMalaysia
_920
650 2 0 _aSales tax
_xLaw and legislation
_zMalaysia
_9621
650 2 0 _aCustoms administration
_xLaw and legislation
_zMalaysia
_93556
942 _2ddc
_cBOOK
950 _lAKMAL